Status de la mujer en el Uruguay /

Bibliographic Details
Main Author: Machado Bonet, Ofelia
Format: Book
Language:Spanish
Published: Montevideo : [publisher not identified], 1979.
Edition:2a ed. y anexo.
Subjects:

MARC

Tag First Indicator Second Indicator Subfields
LEADER 00000cam a2200000 a 4500
001 in00000089449
005 20151008063448.0
008 810123s1979 uy 00010 spa d
035 |a (OCoLC)07078947 
035 |9 AAK2283AM 
040 |a OSU  |c OSU  |d TXA  |d UtOrBLW 
043 |a s-uy--- 
049 |a TXAM  |c [1654871] 
090 |a HQ1577  |b .M3 1979 
100 1 |a Machado Bonet, Ofelia. 
245 1 0 |a Status de la mujer en el Uruguay /  |c Ofelia Machado Bonet. 
250 |a 2a ed. y anexo. 
264 1 |a Montevideo :  |b [publisher not identified],  |c 1979. 
300 |a 14 pages ;  |c 34 cm. 
336 |a text  |b txt  |2 rdacontent 
337 |a unmediated  |b n  |2 rdamedia 
338 |a volume  |b nc  |2 rdacarrier 
500 |a Cover title. 
650 0 |a Women  |z Uruguay. 
999 |a MARS 
999 f f |s 2c8b4c85-8a5c-3aeb-bf2a-59309055e872  |i c0270946-aee7-3a23-b6fa-a4ed6bac8e56  |t 0 
952 f f |p ric  |a Texas A&M University  |b Rellis Campus  |c Joint Library Facility  |d Remote Storage  |t 0  |e HQ1577 .M3 1979  |h Library of Congress classification  |i unmediated -- volume  |m A14830101639 
998 f f |a HQ1577 .M3 1979  |t 0  |l Remote Storage